000 00582nam a22001337a 4500
999 _c509669
_d509669
082 _aAPPPA 2018-19\DEW
100 _aDewari, Pawan Kumar
_95776
245 _aPatterns and implications of rural-urban migration :
_bA case study of Almora District, Uttarakhand
_cPawan Kumar Dewari
260 _aNew Delhi
_bIndian Institute of Public Administration
_c2019
300 _a93p.
500 _aAPPPA Dissertation,2018-19 (Guide: Dr. Gadadhara Mohapatra)
650 _aRural-urban migration -- India -- Almora (Uttarakhand : District)
_96394
650 _aRural-urban migration -- India.
_96395